000
00275nam a2200121Ia 4500
008
241002s9999 xx 000 0 und d
082
_a
808.3 KUP
100
_a
Kuprin, Alexander
245
0
_a
Yama the pit
260
_a
New York:
_c
1960
600
_a
Literature
942
_c
UC
999
_c
18783
_d
18783